Old and New Things Quiz Stats

 Plays Quiz Updated Nov 9, 2018

Support Sporcle.
Go Orange.
Score 0/30 Timer 07:00
1 Play Today
Hint Guess % Correct
Second major division of the Christian BibleNew Testament
90.9%
Northeast region of the United StatesNew England
80%
The Big Easy in LouisianaNew Orleans
79.8%
Geyser located in Yellowstone National ParkOld Faithful
79.1%
Island nation southeast of AustraliaNew Zealand
77.3%
The capital city of IndiaNew Delhi
76.4%
FDR's central economic planning programsNew Deal
74.7%
Fragrance maker of colognes and deodorantsOld Spice
69.7%
Maker of the Cutlass, Eighty-Eight, and AleroOldsmobile
66.7%
Hemingway novella about Santiago and the marlinThe Old Man and the Sea
61.9%
1956 Fred Gipson eponymous dog novelOld Yeller
61.5%
2003 comedy starring Will Ferrell & Vince VaughnOld School
61%
Store that sells Performance Fleece and Flip-FlopsOld Navy
59.5%
Newspaper nicknamed 'The Gray Lady'The New York Times
59.2%
Second book in the Twilight series by Stephanie MeyerNew Moon
57.1%
Hint Guess % Correct
The final day of the Gregorian yearNew Year's eve
56.7%
2007 Coen Brothers movie with Tommy Lee Jones and Javier BardemNo Country for Old Men
55.4%
Nursery Rhyme lady whose cupboard was bareOld Mother Hubbard
54.9%
Easternmost Canadian provinceNewfoundland and Labrador
54.3%
Bob Vila PBS hosted showThis Old House
51.4%
2005 Judd Apatow film starring Steve Carell40 Year Old Virgin
51.2%
First recorded name for New York CityNew Amsterdam
51.1%
Julia Louis-Dreyfus CBS comedyThe New Adventures of Old Christine
51%
Band that sang the 1989 hit 'Hangin' Tough'New Kids on the Block
48.3%
1993 film staring Jack Lemmon, Walter Matthau, and Ann-MargretGrumpy Old Men
45.3%
Beer with the slogan 'America's Best Tasting Beer'Old Milwaukee
31.6%
Subsidiary of Warner Bros. film studioNew Line Cinema
27.5%
Cocktail made with bourbon and bittersOld Fashioned
25.4%
Nickname for the U.S. State of VirginiaOld Dominion
20.6%
Sang the 1986 hit 'Bizarre Love Triangle'New Order
12%

You're not logged in!

Compare scores with friends on all Sporcle quizzes.
OR
Log In
Forgot?

From the Vault

Children's Book Characters II

by SporcleEXP

This quiz is like being reunited with old friends. Friends who don't recognize you, but you totally recognize them!
Remove Ads.
Support Sporcle.
Get the best of Sporcle when you Go Orange. This ad-free experience offers more features, more stats, and more fun while also helping to support Sporcle. Thank you for becoming a member.

Show Comments

Extras

Top Quizzes Today


Score Distribution

Your Account Isn't Verified!

In order to create a playlist on Sporcle, you need to verify the email address you used during registration. Go to your Sporcle Settings to finish the process.

Report this User

Report this user for behavior that violates our Community Guidelines.

Details: